Normal view
MARC view
- Nasir, Khadija (364087)
Entry Personal Name
001 - CONTROL NUMBER
- control field: 122272
003 - CONTROL NUMBER IDENTIFIER
- control field: NUST
005 - DATE AND TIME OF LATEST TRANSACTION
- control field: 20240404131433.0
008 - FIXED-LENGTH DATA ELEMENTS
- fixed length control field: 240404|| aca||aabn | a|a d
040 ## - CATALOGING SOURCE
- Original cataloging agency: NUST
- Transcribing agency: NUST
100 ## - HEADING--PERSONAL NAME
- Personal name: Nasir, Khadija (364087)
670 ## - SOURCE DATA FOUND
- Source citation: Work cat.: (NUST): Nasir, Khadija (364087), Tailoring LATP Solid-State Electrolyte through Composite Formation with Lithium Salt /
